|
|
|
|
| LEADER |
00000nas a2200000 a 4500 |
| 001 |
ssj0000866883 |
| 003 |
WaSeSS |
| 005 |
20200512172242.0 |
| 006 |
m d |
| 007 |
cr n |
| 008 |
130412c20uu9999nyud| p|s|||||| |0eng d |
| 035 |
|
|
|a (WaSeSS)ssj0000866883
|
| 040 |
|
|
|a WaSeSS
|c WaSeSS
|d WaSeSS
|
| 043 |
|
|
|a n-us---
|
| 050 |
|
4 |
|a HG8098
|
| 245 |
0 |
0 |
|a Benefits selling
|h [electronic resource] :
|b breaking news.
|
| 260 |
|
|
|a New York :
|b National Underwriter Company
|
| 310 |
|
|
|a Daily
|
| 506 |
|
|
|a License restrictions may limit access.
|
| 588 |
|
|
|a Description based on: Oct 13, 2011; title from title screen (ProQuest, viewed April 12, 2013).
|
| 588 |
|
|
|a Latest issue consulted: Apr 10, 2013 (viewed April 12, 2013).
|
| 650 |
|
0 |
|a Selling
|x Insurance
|z United States
|v Periodicals.
|
| 655 |
|
0 |
|a Electronic journals.
|
| 710 |
2 |
|
|a National Underwriter Company.
|
| 856 |
4 |
0 |
|z Full text available from Research Library: 10/13/2011 to 02/28/2018
|u https://search.proquest.com/publication/436343
|